000 00505nam a22001817a 4500
005 20251108172034.0
008 250721s1979 xx 000 0 ara d
082 1 4 _a526.8/مكي
100 1 _aعزيز، مكي محمد
245 1 0 _aالخرائط و الجغرافية العملية /
264 1 _aبغداد :
_c1979.
300 _a336ص
650 1 7 _aالمسح
650 1 7 _aالرسم الطبوغرافي
700 1 _aأسود، فلاح شاكر
942 _2ddc
_cBK
999 _c68895
_d68895